| 000 | 00795cab a2200253 4500 | ||
|---|---|---|---|
| 001 | WB3437-13 | ||
| 008 | 090401t1998 xxu||||| |||| 00| 0 eng d | ||
| 035 | _a(Sirsi) u88746 | ||
| 041 | _aeng | ||
| 245 | _aTall buildings | ||
| 260 | _c1998 | ||
| 350 | _a0 | ||
| 490 |
_aArchitects` Journal _v208(11) 24 September 1998, 28(1) |
||
| 520 | _aA new report by the LPAC warns that London will end up with no formal guidance on tall buildings if the government ignores the issue in the run-up to the establishment of a Greater London Auhtority. | ||
| 650 | _aGREATER LONDON AUTHORITY | ||
| 650 | _aLONDON | ||
| 650 | _aLPAC | ||
| 650 | _aSKYLINE | ||
| 650 | _aSKYSCRAPERS | ||
| 650 | _aTALL BUILDINGS | ||
| 690 | _aPROPERTY-PROPERTY DEVELOPMENT | ||
| 942 | _n0 | ||
| 948 | _c30/09/1998 | ||
| 999 |
_c56100 _d56100 |
||